Outlines of a critique of technology (Record no. 354643)

000 -LEADER
fixed length control field 00328cam a22001217a 4500
008 - FIXED-LENGTH DATA ELEMENTS--GENERAL INFORMATION
fixed length control field 180718b1980 xxu||||| |||| 00| 0 eng d
082 ## - DEWEY DECIMAL CLASSIFICATION NUMBER
Classification number YA6 S115
245 ## - TITLE STATEMENT
Title Outlines of a critique of technology
Statement of responsibility, etc. edited by Phil Slater
260 ## - PUBLICATION, DISTRIBUTION, ETC.
Place of publication, distribution, etc. London
Name of publisher, distributor, etc. Ink Links
Date of publication, distribution, etc. 1980
300 ## - PHYSICAL DESCRIPTION
Extent 141p.
650 ## - SUBJECT ADDED ENTRY--TOPICAL TERM
Topical term or geographic name entry element Technology
700 ## - ADDED ENTRY--PERSONAL NAME
Personal name Slater, Phil
Holdings
Withdrawn status Lost status Damaged status Not for loan Permanent Location Current Location Date acquired Full call number Barcode Date last seen Price effective from Koha item type
        Indian Institute of Public Administration Indian Institute of Public Administration 1993-12-13 YA6 S115 59138 2018-07-21 2018-07-21 Book

Powered by Koha